El desván de los machos y el sotano de las hembras (Record no. 127344)

MARC details
000 -LEADER
campo de control de longitud fija 00593nam a2200181 4500
001 - NÚMERO DE CONTROL
campo de control 127344
003 - IDENTIFICADOR DE NÚMERO DE CONTROL
campo de control ES-MaACL
005 - FECHA Y HORA DE LA ÚLTIMA TRANSACCIÓN
campo de control 20250523063405.0
007 - CAMPO FIJO DE DESCRIPCIÓN FÍSICA--INFORMACIÓN GENERAL
campo de control de longitud fija t|
008 - DATOS DE LONGITUD FIJA--INFORMACIÓN GENERAL
campo de control de longitud fija 070214s1978 sp r ||||1| spa d
100 1# - ENTRADA PRINCIPAL--NOMBRE DE PERSONA
Nombre de persona Riaza, Luis
9 (RLIN) 96690
245 13 - MENCIÓN DEL TÍTULO
Título El desván de los machos y el sotano de las hembras
Resto del título : ; el palacio de los monos /
Mención de responsabilidad, etc. Luis Riaza ; edición de Alberto Castilla.
260 ## - PUBLICACIÓN, DISTRIBUCIÓN, ETC.
Lugar de publicación, distribución, etc. Madrid :
Nombre del editor, distribuidor, etc. Cátedra,
Fecha de publicación, distribución, etc. 1978.
300 ## - DESCRIPCIÓN FÍSICA
Extensión 319 p. :
Otras características físicas il. ;
Dimensiones 18 cm.
700 1# - ENTRADA AGREGADA--NOMBRE PERSONAL
Nombre de persona Castilla, Alberto.
9 (RLIN) 36641
852 ## - LOCALIZACIÓN
Ubicación ES-MaACL
Número de control de estantería A-9669
Sublocalización o colección R.98730
Holdings
Estatus retirado Estado de pérdida Estado de daño No para préstamo Biblioteca de origen Biblioteca actual Ubicación en estantería Fecha de adquisición Fuente de adquisición Total de préstamos Signatura topográfica completa Código de barras Visto por última vez Precio de reemplazo Tipo de ítem Koha
        Biblioteca del Ateneo de Madrid Biblioteca del Ateneo de Madrid Depósito 1 17/01/2008     A-9669 1132636 23/02/2023 23/02/2023 Libro impreso